000 00697nam a2200289Ia 4500
005 20260324124517.0
008 008 260324s9999 xx 000 0 eng d
020 _a9780203847930
037 _aEBOOK
040 _aCRL
040 _beng
040 _cCRL
041 _2eng
041 _aeng
084 _qCRL
100 _aLorraine Stefani
_91174433
245 0 _aEvaluating the Effectiveness of Academic Development
245 0 _bPrinciples and Practice
260 _bTaylor and Francis
260 _c2010
365 _a
365 _b255
856 _uhttp://www.taylorfrancis.com/books/9780203847930
942 _cEBOOK
999 _c1768864
_d1768864